000 00863nab a2200265 a 4500
005 20210219162005.0
008 991125s1985 mx 000 0 spa u
035 _aUPN01000195800
100 1 _aBrunet, Ignasi
100 1 _uignasi.brunet@urv.cat
222 _aREVISTA MEXICANA DE SOCIOLOGIA
245 _aCondiciones de vida y construcción de identidades juveniles : el caso de los jóvenes pobres y excluidos en España
300 _a647-674
362 0 _a2013 Año 75, no. 4, oct.-dic.
653 0 _aJOVENES
653 0 _aVULNERABILIDAD
653 0 _aEXCLUSION SOCIAL
653 0 _aPOBREZA
700 1 _aPizzi, Alejandro,
_ecoaut.
700 1 _ualejandro.pizzi@urv.cat
700 1 _aValls Fonayet, Francesc,
_ecoaut.
700 1 _ufrancesc.valls@urv.cat
856 1 _uhttp://www.redalyc.org/articulo.oa?id=32128953005
905 _aArticulo
999 _c167901
_d167901